000 00414nam a2200145Ia 4500
008 100204s9999 xx 000 0 und d
082 _b9984
100 _aआटल्ये अनिल
245 _aप्रमाद
260 _b"उदयदीप प्रकाशन , मुंबई"
_c1987
300 _a194
630 _aप्रमाद
730 _aप्रमाद
942 _cBOOK
999 _c454420
_d454417